Poems 1957-1967
Guardado en:
| Autor principal: | |
|---|---|
| Formato: | Libro |
| Lenguaje: | Undetermined |
| Publicado: |
New York, Estados Unidos
Collier Books
1968
|
| Materias: | |
| Etiquetas: |
Agregar Etiqueta
Sin Etiquetas, Sea el primero en etiquetar este registro!
|
MARC
| LEADER | 00000nam a2200000Ia 4500 | ||
|---|---|---|---|
| 008 | 170316s9999 xx 000 0 und d | ||
| 090 | |a 810 D-5p | ||
| 100 | |a Dickey, James | ||
| 245 | |a Poems 1957-1967 | ||
| 260 | |a New York, Estados Unidos | ||
| 260 | |b Collier Books | ||
| 260 | |c 1968 | ||
| 300 | |a 299 páginas | ||
| 650 | |a LITERATURA ESTADOUNIDENSE | ||
| 999 | |c 20952 |d 20952 | ||
| 040 | |a cru BVZT | ||
| 942 | |c 15 D |h 810 D-5p |2 z | ||
